Premio Oscar Niemeyer para la arquitectura latinoamericana (Record no. 20222)
[ view plain ]
| 000 -CABECERA | |
|---|---|
| campo de control de longitud fija | 01281nam a2200301 4500 |
| 003 - IDENTIFICADOR DEL NÚMERO DE CONTROL | |
| campo de control | OSt |
| 005 - FECHA Y HORA DE LA ÚLTIMA TRANSACCIÓN | |
| campo de control | 20260601171004.0 |
| 008 - DATOS DE LONGITUD FIJA--INFORMACIÓN GENERAL | |
| campo de control de longitud fija | 260420b20122016mx\a||||\||||\00|\0\SPA\d |
| 040 ## - FUENTE DE LA CATALOGACIÓN | |
| Centro catalogador/agencia de origen | ICI |
| Lengua de catalogación | spa |
| Centro/agencia transcriptor | ICI |
| 050 ## - SIGNATURA TOPOGRÁFICA DE LA BIBLIOTECA DEL CONGRESO | |
| Número de clasificación | NA702 |
| Número de documento/Ítem | P74 |
| 100 #1 - ENTRADA PRINCIPAL--NOMBRE DE PERSONA | |
| Nombre de persona | Red BAAL |
| 9 (RLIN) | 31993 |
| 245 #1 - MENCIÓN DE TÍTULO | |
| Título | Premio Oscar Niemeyer para la arquitectura latinoamericana |
| Resto del título | premio "ON" primera edición 2016 |
| Mención de responsabilidad, etc. | director ejecutivo REDBAAL, Handel Guayasamin |
| 246 #3 - FORMA VARIANTE DE TÍTULO | |
| Título propio/Titulo breve | Premio "ON" primera edición 2016 |
| 250 ## - MENCIÓN DE EDICIÓN | |
| Mención de edición | Primera edición |
| 264 ## - PRODUCCIÓN, PUBLICACIÓN, DISTRIBUCIÓN, FABRICACIÓN Y COPYRIGHT | |
| Nombre del de productor, editor, distribuidor, fabricante | REDBAAL, Red de Bienales de Arquitectura de América Latina, |
| Fecha de producción, publicación, distribución, fabricación o copyright | 2016 |
| Producción, publicación, distribución, fabricación y copyright | México, D.F. : |
| 300 ## - DESCRIPCIÓN FÍSICA | |
| Extensión | 92 páginas |
| 336 ## - TIPO DE CONTENIDO | |
| Término de tipo de contenido | texto |
| Fuente | rdacontent |
| 337 ## - TIPO DE MEDIO | |
| Nombre/término del tipo de medio | sin medio |
| Fuente | rdamedia |
| 338 ## - TIPO DE SOPORTE | |
| Nombre/término del tipo de soporte | volumen |
| Fuente | rdacarrier |
| 650 ## - PUNTO DE ACCESO ADICIONAL DE MATERIA--TÉRMINO DE MATERIA | |
| Término de materia o nombre geográfico como elemento de entrada | Arquitectura moderna |
| Subdivisión de forma | Diseños y planos |
| Subdivisión general | Premios |
| Subdivisión cronológica | Siglo XXI |
| 9 (RLIN) | 31994 |
| 650 ## - PUNTO DE ACCESO ADICIONAL DE MATERIA--TÉRMINO DE MATERIA | |
| Término de materia o nombre geográfico como elemento de entrada | Arquitectos |
| Subdivisión de forma | Congresos |
| Subdivisión general | Historia |
| Subdivisión cronológica | Siglo XXI |
| Subdivisión geográfica | América Latina |
| 9 (RLIN) | 31995 |
| 650 ## - PUNTO DE ACCESO ADICIONAL DE MATERIA--TÉRMINO DE MATERIA | |
| Término de materia o nombre geográfico como elemento de entrada | Arquitectura |
| Subdivisión de forma | Congresos |
| Subdivisión general | Premios |
| Subdivisión geográfica | América Latina |
| 9 (RLIN) | 31996 |
| 700 ## - PUNTO DE ACCESO ADICIONAL--NOMBRE DE PERSONA | |
| Nombre de persona | Guayasamín, Handel, |
| 710 ## - PUNTO DE ACCESO ADICIONAL--NOMBRE DE ENTIDAD CORPORATIVA | |
| Nombre de entidad corporativa o nombre de jurisdicción como elemento de entrada | Red de Bienales de Arquitectura de América Latina, |
| Término indicativo de función/relación | issuing body. |
| 9 (RLIN) | 31998 |
| 710 ## - PUNTO DE ACCESO ADICIONAL--NOMBRE DE ENTIDAD CORPORATIVA | |
| Nombre de entidad corporativa o nombre de jurisdicción como elemento de entrada | Fundação Oscar Niemeyer, |
| Término indicativo de función/relación | issuing body. |
| 9 (RLIN) | 31999 |
| 711 ## - PUNTO DE ACCESO ADICIONAL--NOMBRE DE REUNIÓN/CONGRESO | |
| Nombre de congreso/reunión o jurisdicción como elemento de entrada | Bienal Panamericana de Arquitectura de Quito |
| Sede del congreso/Lugar de la reunión | Quito, Ecuador) |
| Número del congreso/reunión o número de parte o sección | (20 : |d 2016 |
| 9 (RLIN) | 32000 |
| 942 ## - ELEMENTOS DE PUNTO DE ACCESO ADICIONAL (KOHA) | |
| Fuente del sistema de clasificación o colocación | Dewey Decimal Classification |
| Tipo de ítem Koha | Libros |
No items available.